1034 1253 1334 1369 1321 1800 1706 1048 1043 1955 1134 1323 1169 1260 1708 1146 1715 1171 1830 1690 1071 1971 1241 1893 1268 1250 1752 1330 1420 1572 1146 1870 1117 1911 1580 1097 1089 1430 1086 1616 1169 1758 1439 1842 1679 1987 1132 1686 1896 1197 1195 1128 1362 1616 1881 1804 1098 1971 1650 1396 1227 1152 1238 1610 1434 1611 1101 1915 1297 1913 1763 1228 1278 1398 1011 1257 1177 1598 1248 1550 1014 1312 1900 1580 1758 1375 1209 1382 1802 1417 1576 1051 1083 1168 1857 1013 1880 1987 1553 BCNSPRNW ULIB Ver.6.0+V

เปลี่ยนเป็นภาษาไทย

Change to English
 แสดงรายละเอียดบรรณานุกรม
  กลับหน้าหลัก

Brief Record : Get Marc (ISO 2709) : E-mail record : QR code < ปิดหน้าต่าง
LEADER : 00000nam 2200000uu 4500
001    13399122074
003     ULIB
008    121225s2553||||th 000 0 tha d
020    ^a9789741112585
060 04 ^aWJ168^bว145ต 2553
110 1  ^aมหาวิทยาลัยมหิดล. ^bคณะแพทยศาสตร์โรงพยาบาลรามาธิบดี.^bโครงการตำรารามาธิบดี.
245 00 ^aตำราผ่าตัดเล็กในศัลยศาสตร์ระบบปัสสาวะ /^cบรรณาธิการ,วชิร คชการ
260    ^aกรุงเทพฯ :^bโครงการตำรารามาธิบดี คณะแพทยศาสตร์โรงพยาบาลรามาธิบดี มหาวิทยาลัยมหิดล,^c2553
300    ^a198 หน้า :^bภาพประกอบ
650  7 ^aศัลยกรรมน้อย...
650  7 ^aปัสสาวะ,ระบบ^xศัลยกรรม
650  7 ^aศัลยกรรมหัตถการ
700 0  ^aวชิร คชการ,^eบรรณาธิการ
945    ^p700^l0^i16796
945    ^p700^l0^i16797
945    ^p700^l0^i16798
995    ^aทศพร
999    ^aทศพร เกษรทอง
รายการนี้ยังไม่มีแท็ก
คุณยังไม่ได้ล็อกอิน คุณสามารถมีกิจกรรมร่วมกับเว็บไซต์ได้ แต่ต้องล็อกอินก่อน ::
  ล็อกอิน

รายการสื่อสารสนเทศ

ลำดับที่ ประเภท เลขเรียก/บาร์โค้ด สถานที่ สถานะ
1. วิทยาศาสตร์การแพทย์ และสุขภาพ
วิทยาศาสตร์การแพทย์ และสุขภาพ
สถานะ=หนังสือเก่า
WJ168 ว145ต 2553 ฉ.1 
  Barcode: 16796
ห้องสมุดวิทยาเขตนครสวรรค์
►ส่วนจัดเก็บหนังสือเก่า นว.
บนชั้น
  ขอยืม
2. วิทยาศาสตร์การแพทย์ และสุขภาพ
วิทยาศาสตร์การแพทย์ และสุขภาพ
สถานะ=หนังสือเก่า
WJ168 ว145ต 2553 ฉ.2 
  Barcode: 16797
ห้องสมุดวิทยาเขตนครสวรรค์
►ส่วนจัดเก็บหนังสือเก่า นว.
บนชั้น
  ขอยืม
3. วิทยาศาสตร์การแพทย์ และสุขภาพ
วิทยาศาสตร์การแพทย์ และสุขภาพ
สถานะ=หนังสือเก่า
WJ168 ว145ต 2553 ฉ.3 
  Barcode: 16798
ห้องสมุดวิทยาเขตนครสวรรค์
►ส่วนจัดเก็บหนังสือเก่า นว.
บนชั้น
  ขอยืม

รายการใกล้เคียง
    หัวเรื่อง [ศัลยกรรมน้อย...]
    หัวเรื่อง [ศัลยกรรมหัตถการ]

BibComment


ยังไม่เคยถูกคอมเมนท์

คอมเมนท์ทรัพยากรรายการนี้
  คอมเมนท์: ตำราผ่าตัดเล็กใน..


 Copyright 2026. Bcnsprnw @Library